| 000 | 00517nam a2200169 i 4500 | ||
|---|---|---|---|
| 001 | 56396 | ||
| 003 | ES-MaACL | ||
| 005 | 20230906163347.0 | ||
| 007 | t| | ||
| 008 | 031008q1945 sp ||||1| spa d | ||
| 245 | 0 | 0 | _aDiccionario de sinónimos e ideas afines y de la rima. |
| 260 |
_aBarcelona : _bHorta, _c[1945?] |
||
| 300 |
_a349 p. ; _c20 cm. |
||
| 650 | 0 | 4 |
_aLengua española- _xSinónimos y antónimos- _vDiccionarios. _914187 |
| 650 | 0 | 4 |
_aLengua española- _xRima. _914182 |
| 852 |
_aES-MaACL _jB-10560 _bR.22243 |
||
| 999 |
_c56396 _d56396 |
||